Sherlock Holmes; (Record no. 199403)

MARC details
000 -LEADER
fixed length control field 00787nam a22002177a 4500
003 - CONTROL NUMBER IDENTIFIER
control field dpl
005 - DATE AND TIME OF LATEST TRANSACTION
control field 20231220153637.0
008 - FIXED-LENGTH DATA ELEMENTS--GENERAL INFORMATION
fixed length control field 231204b |||||||| |||| 00| 0 eng d
010 ## - LIBRARY OF CONGRESS CONTROL NUMBER
LC control number B-756012-017 Eng 18.10.23
020 ## - INTERNATIONAL STANDARD BOOK NUMBER
International Standard Book Number 9780143455264
Terms of availability 299.00
035 ## - SYSTEM CONTROL NUMBER
System control number B-756012-017
040 ## - CATALOGING SOURCE
Transcribing agency 0
082 ## - DEWEY DECIMAL CLASSIFICATION NUMBER
Classification number N
100 ## - MAIN ENTRY--PERSONAL NAME
Relator code Doyle, Conan
245 ## - TITLE STATEMENT
Title Sherlock Holmes;
Remainder of title The Complete Novels/
Statement of responsibility, etc Conan Doyle
260 ## - PUBLICATION, DISTRIBUTION, ETC. (IMPRINT)
Place of publication, distribution, etc Haryana
Name of publisher, distributor, etc Penguin Metro Reads
Date of publication, distribution, etc 2022
270 ## - ADDRESS
Address 4th Floor, Capital Tower 1, MG Road Gurugram
City Haryana
Postal code 122002
300 ## - PHYSICAL DESCRIPTION
Extent 495p.
Dimensions 21cm(Pbk)
942 ## - ADDED ENTRY ELEMENTS (KOHA)
Source of classification or shelving scheme Dewey Decimal Classification
Koha item type English Books
Classification part N
Call number suffix DOY
Holdings
Withdrawn status Lost status Source of classification or shelving scheme Damaged status Not for loan Collection code Home library Current library Date acquired Source of acquisition Cost, normal purchase price Total Checkouts Total Renewals Full call number Barcode Checked out Date last seen Date checked out Copy number Cost, replacement price Price effective from Koha item type
    Dewey Decimal Classification     Fiction Ashok Vihar Ashok Vihar 20/12/2023 K.K. Pub/79/25.11.23/39/23.11.23/1.12.23 299.00 5 5 N DOY B-756014 29/07/2025 01/07/2025 01/07/2025 1 299.00 20/12/2023 English Books
    Dewey Decimal Classification     Fiction Central Library Central Library 20/12/2023 K.K. Pub/79/25.11.23/39/23.11.23/1.12.23 299.00 9 7 N DOY B-756012 15/07/2026 17/06/2026 17/06/2026 1 299.00 20/12/2023 English Books
    Dewey Decimal Classification     Fiction Mobile Library Mobile Library 20/12/2023 K.K. Pub/79/25.11.23/39/23.11.23/1.12.23 299.00 1   N DOY B-756013   05/08/2025 01/08/2025 1 299.00 20/12/2023 English Books
    Dewey Decimal Classification     Fiction Patel Nagar Patel Nagar 20/12/2023 K.K. Pub/79/25.11.23/39/23.11.23/1.12.23 299.00 3 2 N DOY B-756015   26/04/2024 12/04/2024 1 299.00 20/12/2023 English Books
    Dewey Decimal Classification     Fiction Sarojini Nagar Sarojini Nagar 20/12/2023 K.K. Pub/79/25.11.23/39/23.11.23/1.12.23 299.00 6 1 N DOY B-756016 11/07/2026 27/06/2026 27/06/2026 1 299.00 20/12/2023 English Books
    Dewey Decimal Classification     Fiction Shahdara Branch Shahdara Branch 20/12/2023 K.K. Pub/79/25.11.23/39/23.11.23/1.12.23 299.00 10 7 N DOY B-756017 03/07/2026 19/06/2026 19/06/2026 1 299.00 20/12/2023 English Books

© Delhi Public Library
Hit Counter
free hit counter